Catálogo

Yo soy la verdad : (Registro nro. 24440)

Detalles MARC
000 -LEADER
fixed length control field 01389cam a2200349 i 4500
001 - CONTROL NUMBER
control field 24440
003 - CONTROL NUMBER IDENTIFIER
control field Mx-PuUPA
005 - DATE AND TIME OF LATEST TRANSACTION
control field 20250619142236.0
008 - FIXED-LENGTH DATA ELEMENTS--GENERAL INFORMATION
fixed length control field 140415s2001 sp gr 001 0 spa d
017 ## - COPYRIGHT OR LEGAL DEPOSIT NUMBER
Copyright or legal deposit number S. 80 - 2001
020 ## - INTERNATIONAL STANDARD BOOK NUMBER
International Standard Book Number 8430114270
040 ## - CATALOGING SOURCE
Original cataloging agency Mx-PuUPA
Language of cataloging spa
Transcribing agency Mx-PuUPA
Modifying agency Mx-PuUPA
Description conventions rda
041 1# - LANGUAGE CODE
Language code of text/sound track or separate title spa
Language code of original fre
100 1# - MAIN ENTRY--PERSONAL NAME
Personal name Henry, Michel,
Dates associated with a name 1922-2002
9 (RLIN) 16743
Relator term autor
240 10 - UNIFORM TITLE
Uniform title C'est moi la vérité. Pour une philosophie du christianisme.
Language of a work Español
245 10 - TITLE STATEMENT
Title Yo soy la verdad :
Remainder of title para una filosofía del cristianismo /
Statement of responsibility, etc. Michel Henry ; traducción de Javier Teira Lafuente
264 #1 - PRODUCTION, PUBLICATION, DISTRIBUTION, MANUFACTURE, AND COPYRIGHT NOTICE
Place of production, publication, distribution, manufacture Salamanca, España :
Name of producer, publisher, distributor, manufacturer Ediciones Sígueme,
Date of production, publication, distribution, manufacture, or copyright notice 2001
300 ## - PHYSICAL DESCRIPTION
Extent 318 páginas ;
Dimensions 22 cm
336 ## - CONTENT TYPE
Fuente rdacontent
Content type term texto
Content type code txt
337 ## - MEDIA TYPE
Source rdamedia
Media type term sin medio
Media type code n
338 ## - CARRIER TYPE
Source rdacarrier
Carrier type term volumen
Carrier type code nc
490 0# - SERIES STATEMENT
Series statement Hermeneia ;
Volume/sequential designation 47
650 #7 - SUBJECT ADDED ENTRY--TOPICAL TERM
Source of heading or term armarc
Topical term or geographic name entry element Cristianismo
General subdivision Filosofía
650 #7 - SUBJECT ADDED ENTRY--TOPICAL TERM
Source of heading or term armarc
Topical term or geographic name entry element Antropología teológica
General subdivision Cristianismo
650 #7 - SUBJECT ADDED ENTRY--TOPICAL TERM
Source of heading or term armarc
Topical term or geographic name entry element Verdad
General subdivision Aspectos religiosos
-- Cristianismo
700 1# - ADDED ENTRY--PERSONAL NAME
Personal name Teira Lafuente, Javier,
Relator term traductor
765 ## - ORIGINAL LANGUAGE ENTRY
Main entry heading Henry, Michel
Title C'est moi la vérité. Pour une philosophie du christianisme
Place, publisher, and date of publication Paris : Éditions du Seuil, 1996
942 ## - ADDED ENTRY ELEMENTS (KOHA)
Source of classification or shelving scheme Dewey Decimal Classification
Koha item type Libro
Classification part 230.01
Item part H4318
Existencias
Withdrawn status Lost status Source of classification or shelving scheme Damaged status Not for loan Collection code Home library Current library Shelving location Date acquired Source of acquisition Cost, normal purchase price Total Checkouts Full call number Barcode Date last seen Cost, replacement price Price effective from Koha item type
    Dewey Decimal Classification     General Biblioteca Karol Wojtyla Biblioteca Karol Wojtyla Sala general 03/12/2024 Donación 0.00   230.01 H4318 2001 45597 05/01/2026 0.00 03/12/2013 Libro